Creación y desarrollo de grupos de apoyo entre profesores
Gorde:
| Egile Nagusiak: | , |
|---|---|
| Formatua: | Liburua |
| Hizkuntza: | gaztelania |
| Argitaratua: |
Bilbao
Mensajero
1998
|
| Saila: | Colección Recursos e Instrumentos PsicoPedagógicos, 24
|
| Gaiak: | |
| Etiketak: |
Etiketa erantsi
Etiketarik gabe, Izan zaitez lehena erregistro honi etiketa jartzen!
|
MARC
| LEADER | 00000nam a2200000 a 4500 | ||
|---|---|---|---|
| 001 | UCP8475 | ||
| 003 | CL-VaPUC | ||
| 008 | 000303e19980000SP |||||||||||||||||spa|d | ||
| 082 | 0 | 4 | |a 371.148 |b PAR |2 21 |
| 100 | |a Parrilla latas, Angeles |e autora |9 477590 | ||
| 700 | 0 | |a Daniels, Harry |e author |9 438450 | |
| 245 | 1 | 0 | |a Creación y desarrollo de grupos de apoyo entre profesores |
| 300 | |a 222 p | ||
| 942 | |c BK | ||
| 945 | |d 20000303 00:00:00 |a rbrito | ||
| 260 | |a Bilbao |b Mensajero |c 1998 | ||
| 650 | 0 | |a Formación profesional de profesores |9 307493 | |
| 650 | 7 | |a FORMACION DE GRUPOS |2 CL-VaPUC |9 438451 | |
| 650 | 0 | |a Profesores |9 308968 | |
| 583 | |a last modification |c 20000303 00:00:00 |k Rodrigo Vera | ||
| 490 | 0 | |a Colección Recursos e Instrumentos PsicoPedagógicos, 24 | |
| 999 | |c 285371 |d 285369 | ||
| 952 | |0 0 |1 0 |4 0 |6 371_148000000000000_PAR_1998 |7 0 |8 A |9 329921 |a BIBEDU |b BIBEDU |d 2019-11-20 |i 3596737 |o 371.148 PAR 1998 |p 3596737 |r 2019-11-20 |w 2019-11-20 |y BK |k EPE | ||
| 952 | |0 0 |1 0 |4 0 |6 371_148000000000000_PAR_1998 |7 0 |8 A |9 329922 |a BIBEDU |b BIBEDU |d 2019-11-20 |i 3721442 |o 371.148 PAR 1998 |p 3721442 |r 2019-11-20 |w 2019-11-20 |y BK |k EPE | ||